Азәрбаjҹан ССР-ин памбыг әкән раjонларында колхозчулары вә совхоз фәhләләрин охутмагдан өтрү тәшкил олунмуш үчиллик агротехники курсларин биринҹи дәрс или үчүн нүмунәви програм (Запись № 13477815)

Подробности
000 -МАРКЕР
контрольное поле 01462nam0a2200265 4500
001 - ИДЕНТИФИКАТОР ЗАПИСИ
контрольное поле RU\NLR\ONL2\9230
005 - ИДЕНТИФИКАТОР ВЕРСИИ
контрольное поле 20251211131946.0
035 ## - ДРУГИЕ СИСТЕМНЫЕ НОМЕРА
Идентификатор записи (NLR Aleph) 009656819
100 ## - ДАННЫЕ ОБЩЕЙ ОБРАБОТКИ
Данные общей обработки 20080410d1951 u y0rusy50 ca
101 0# - ЯЗЫК РЕСУРСА
Язык текста, звукозаписи и т.д. азербайджанский
102 ## - СТРАНА ПУБЛИКАЦИИ ИЛИ ПРОИЗВОДСТВА
Страна публикации Азербайджан
105 ## - ПОЛЕ КОДИРОВАННЫХ ДАННЫХ: ТЕКСТОВЫЕ МАТЕРИАЛЫ, МОНОГРАФИЧЕСКИЕ
Кодированные данные о монографическом текстовом документе y |||||||||
200 1# - ЗАГЛАВИЕ И СВЕДЕНИЯ ОБ ОТВЕТСТВЕННОСТИ
Основное заглавие Азәрбаjҹан ССР-ин памбыг әкән раjонларында колхозчулары вә совхоз фәhләләрин охутмагдан өтрү тәшкил олунмуш үчиллик агротехники курсларин биринҹи дәрс или үчүн нүмунәви програм
Сведения, относящиеся к заглавию (әкинчилик эсаслары)
Первые сведения об ответственности АзССР Памбыгчылыг наз-и. Кэнд тэсэр. тэблигаты идарэси
210 ## - ПУБЛИКАЦИЯ, РАСПРОСТРАНЕНИЕ И ДР.
Место издания, распространения и т.д. Бакы
Имя издателя, распространителя и т. д. Кэнд тэсэр. тэблигаты идарэси
Дата издания, распространения и т.д. 1951
215 ## - ФИЗИЧЕСКАЯ ХАРАКТЕРИСТИКА
Специфическое обозначение материала и объем 24 с.
Размеры 20
300 ## - ОБЩИЕ ПРИМЕЧАНИЯ
Текст примечания Без. тит. л. Описано по обл.
541 1# - ПЕРЕВОД ЗАГЛАВИЯ, СДЕЛАННЫЙ КАТАЛОГИЗАТОРОМ
Заглавие Примерная программа для первого года обучения колхозников и рабочих совхозов на трехлетних агротехнических курсах хлопкосеющих районов Азербайджанской ССР
Язык заглавия русский
801 #0 - ИСТОЧНИК ЗАПИСИ
Страна Российская Федерация
Организация NLR
Дата составления 20080410
Правила каталогизации PSBO
852 ## - МЕСТОНАХОЖДЕНИЕ И ШИФР ХРАНЕНИЯ
Идентификатор организации NLR
Наименование фонда или коллекции (Sub-Location Identifier) ОНЛ
Шифр хранения (Call Number) Азерб./2-6079
942 ## - ДОПОЛНИТЕЛЬНЫЕ ЭЛЕМЕНТЫ ЗАПИСИ (АБИС)
Тип экземпляра АБИС Книга
980 ## - КОЛЛЕКЦИЯ
Название коллекции Каталог книг на языках народов РФ и стран СНГ
980 ## - КОЛЛЕКЦИЯ
Название коллекции Национальная библиография

Нет доступных экземпляров.